000
00330nam a2200145Ia 4500
008
210210b1880 xxu||||| |||| 00| 0 eng d
041
_a
eng
082
_a
825/1122
100
_a
LOCKE
245
_a
Fowler
260
_a
London
_b
Macmillan & Co. Ltd.
_c
1880
650
_a
Fowler
690
_a
English Criticism
906
_a
015436
999
_c
134796
_d
134796